|
|
|
|
| LEADER |
01064nam a2200241 u 4500 |
| 001 |
10038467 |
| 003 |
GR-PaULI |
| 005 |
20241121090401.0 |
| 008 |
010109s1998 gr gre |
| 952 |
|
|
|0 0
|1 0
|4 0
|6 190_090000000000000_34_G
|7 0
|9 24706
|a PHIL
|b PHIL
|d 2016-04-24
|i 2198
|l 3
|m 1
|o 190.090 34 G
|p 025000090360
|r 2023-01-16 00:00:00
|s 2022-12-16
|t 1
|v 2016.00
|w 2016-04-24
|y BK15
|
| 999 |
|
|
|c 15602
|d 15602
|
| 020 |
|
|
|a 9603530468
|
| 040 |
|
|
|a GR-PaULI
|c GR-PaULI
|b gre
|e AACR2
|
| 082 |
0 |
4 |
|a 190.090 34
|
| 100 |
1 |
|
|a Γιανναράς, Χρήστος,
|d 1935-2024
|e συγγραφέας.
|9 3372
|
| 245 |
1 |
0 |
|a Χάιντεγγερ και Αρεοπαγίτης ή περί απουσίας και αγνωσίας του θεού /
|c Χρήστου Γιανναρά.
|
| 260 |
|
|
|a Αθήνα :
|b Δόμος,
|c 1998.
|
| 300 |
|
|
|a 143 σ. ;
|c 24 εκ.
|
| 500 |
|
|
|a Περιλαμβάνει ευρετήριο.
|
| 600 |
1 |
0 |
|a Heidegger, Martin,
|d 1889-1976
|9 6202
|
| 650 |
|
4 |
|a Θρησκεία
|x Φιλοσοφία.
|9 2119
|
| 942 |
|
|
|2 ddc
|c BK15
|
| 998 |
|
|
|c Μπουζαμανάκη
|d 2001-01
|